=LDR 00000nam 2200000 4500 =001 INLIS000000000030389 =005 20130612132534 =008 ***********************************Ind** =035 ##$$0010-061300000030389 =041 ##$$a Ind =082 ##$$a F.Rom.D =090 ##$$a F.Rom.D, Ali k =100 ##$$a Ali, Muhammad =245 ##$$a Kabut tergantung beku, (Cobaan Tuhan), Muhammad Ali =260 ##$$a 1889 $b Surabaya =300 ##$$a 95 hlm, 17 cm =650 ##$$a Fiksi Dewasa =850 ##$$a NBPNMAT